| 000 | 00787nam a2200193 i 4500 | ||
|---|---|---|---|
| 001 | 46566 | ||
| 003 | ES-MaACL | ||
| 005 | 20230906161416.0 | ||
| 007 | t| | ||
| 008 | 030410s1883 sp ||||1| spa d | ||
| 100 | 1 |
_aBaráibar y Zumárraga, Federico. _925291 |
|
| 245 | 1 | 0 |
_aDiscurso leído / _cpor Federico Baráibar y Zumárraga el día 9 de noviembre de 1882 en el Ateneo Científico... de Vitoria con motivo de la apertura de sus cátedras. |
| 260 |
_aVitoria : _b[s.n.], _c1883 ( _fTip. de la Viuda e Hijos de Iturbe) |
||
| 300 |
_a37 p., [1] h. pleg. de map. ; _c28 cm. |
||
| 500 | _aTema del discurso: Una hoja de la historia oscura de Álava durante el Imperio romano. | ||
| 710 | 2 |
_aAteneo de Vitoria. _91848 |
|
| 852 |
_aES-MaACL _jT-393-F-2 |
||
| 852 |
_aES-MaACL _jT-353-F-7 |
||
| 999 |
_c46566 _d46566 |
||